header

Rock, paper, scissors : (Record no. 251452)

MARC details
000 -LEADER
fixed length control field 01334cam a2200325 a 4500
001 - CONTROL NUMBER
control field 11967576
003 - CONTROL NUMBER IDENTIFIER
control field OSt
005 - DATE AND TIME OF LATEST TRANSACTION
control field 20151123094400.0
008 - FIXED-LENGTH DATA ELEMENTS--GENERAL INFORMATION
fixed length control field 000407s2000 nyu 000 1 eng
010 ## - LIBRARY OF CONGRESS CONTROL NUMBER
LC control number 00030099
020 ## - INTERNATIONAL STANDARD BOOK NUMBER
International Standard Book Number 0684823438
040 ## - CATALOGING SOURCE
Original cataloging agency DLC
Transcribing agency DLC
Modifying agency DLC
050 00 - LIBRARY OF CONGRESS CALL NUMBER
Classification number PS3569.A46675
Item number R6 2000
082 00 - DEWEY DECIMAL CLASSIFICATION NUMBER
Classification number 813/.6
Edition number 21
100 1# - MAIN ENTRY--PERSONAL NAME
Personal name Samuel, Steve.
245 10 - TITLE STATEMENT
Title Rock, paper, scissors :
Remainder of title a novel of political intrigue /
Statement of responsibility, etc Steve Samuel.
260 ## - PUBLICATION, DISTRIBUTION, ETC. (IMPRINT)
Place of publication, distribution, etc New York :
Name of publisher, distributor, etc Simon & Schuster,
Date of publication, distribution, etc c2000.
300 ## - PHYSICAL DESCRIPTION
Extent 314 p. ;
Dimensions 24 cm.
650 #0 - SUBJECT ADDED ENTRY--TOPICAL TERM
Topical term or geographic name as entry element Political corruption
Form subdivision Fiction.
Topical term or geographic name as entry element Women detectives
Form subdivision Fiction.
Topical term or geographic name as entry element Secret service
Form subdivision Fiction.
Topical term or geographic name as entry element Conspiracies
Form subdivision Fiction.
655 #7 - INDEX TERM--GENRE/FORM
Genre/form data or focus term Political fiction.
Source of term lcsh
856 42 - ELECTRONIC LOCATION AND ACCESS
Materials specified Contributor biographical information
Uniform Resource Identifier <a href="http://www.loc.gov/catdir/bios/simon054/00030099.html">http://www.loc.gov/catdir/bios/simon054/00030099.html</a>
Materials specified Publisher description
Uniform Resource Identifier <a href="http://www.loc.gov/catdir/description/simon033/00030099.html">http://www.loc.gov/catdir/description/simon033/00030099.html</a>
Materials specified Sample text
Uniform Resource Identifier <a href="http://www.loc.gov/catdir/enhancements/fy0645/00030099-s.html">http://www.loc.gov/catdir/enhancements/fy0645/00030099-s.html</a>
906 ## - LOCAL DATA ELEMENT F, LDF (RLIN)
a 7
b cbc
c orignew
d 1
e ocip
f 20
g y-gencatlg
942 ## - ADDED ENTRY ELEMENTS (KOHA)
Source of classification or shelving scheme Library of Congress Classification
Koha item type Long Loan Books
Holdings
Withdrawn status Lost status Source of classification or shelving scheme Damaged status Not for loan Collection code Home library Current library Shelving location Date acquired Total Checkouts Full call number Barcode Date last seen Date checked out Price effective from Koha item type
    Library of Congress Classification     Non-fiction Rongo University Library Rongo University Library General Stacks 23/11/2015 1 PS3569.A46675 R6 2000 20157628 14/07/2023 13/07/2023 23/11/2015 Long Loan Books

© 2026 Rongo University
Contact us: librarian | system librarian | Rongo university